[Event "Lichtenrader Herbst 2019"]
[Site "Berlin"]
[Date "2019.10.13"]
[Round "2.13"]
[White "Guder, Sibylle"]
[Black "Wierzbicki, Jirawat"]
[Result "0-1"]
[WhiteElo "1915"]
[BlackElo "2114"]
[PlyCount "112"]
[EventDate "2019.??.??"]

1. Nf3 d5 2. e3 Nf6 3. c4 dxc4 4. Bxc4 e6 5. O-O Bd6 6. b3 Qe7 7. Bb2 O-O 8. d4
Nbd7 9. Qc2 e5 10. dxe5 Nxe5 11. Nxe5 Bxe5 12. Bxe5 Qxe5 13. Nd2 Bg4 14. Rae1
Rad8 15. Be2 Bf5 16. Qc1 Qa5 17. Nf3 Ne4 18. Qb2 c5 19. a3 Bg4 20. b4 Qb6 21.
Rd1 c4 22. Bxc4 Bxf3 23. gxf3 Qg6+ 24. Kh1 Rxd1 25. Rxd1 Qh5 26. Kg2 Ng5 27.
Be2 Qh3+ 28. Kg1 Nxf3+ 29. Bxf3 Qxf3 30. Re1 Qg4+ 31. Kh1 Qe4+ 32. Kg1 Rd8 33.
Rc1 Qg4+ 34. Kh1 h5 35. Qe5 h4 36. Rf1 Qf3+ 37. Kg1 Rd5 38. Qb8+ Kh7 39. Qf4
Qxf4 40. exf4 Rd3 41. Ra1 h3 42. Kf1 g6 43. Ke2 Rb3 44. Rc1 Rxa3 45. Rc7 b6 46.
Rxf7+ Kg8 47. Rc7 b5 48. Rd7 a6 49. Rd3 Ra4 50. Rb3 Kf7 51. Kd2 Ke6 52. Ke3 Kd5
53. Kd3 Ra2 54. Ke3 Kc4 55. Rb1 Ra4 56. Kf3 Rxb4 0-1

[Event "Lichtenrader Herbst 2019"]
[Site "Berlin"]
[Date "2019.10.13"]
[Round "2.14"]
[White "Tschernatsch, Johannes"]
[Black "Bender, Sebastian"]
[Result "1-0"]
[WhiteElo "2132"]
[BlackElo "1911"]
[PlyCount "81"]
[EventDate "2019.??.??"]

1. e4 e5 2. Nf3 Nc6 3. Bb5 a6 4. Ba4 Nf6 5. O-O Be7 6. Re1 b5 7. Bb3 d6 8. c3
O-O 9. h3 Nb8 10. a4 Bb7 11. d3 Nbd7 12. axb5 axb5 13. Rxa8 Qxa8 14. Nh4 g6 15.
Bh6 Re8 16. Na3 Qa5 17. Qf3 Nc5 18. Nf5 Bf8 19. Bxf8 Rxf8 20. Qe3 Qa8 21. Qh6
Nh5 22. Bd1 gxf5 23. Bxh5 f4 24. Qg5+ Kh8 25. Qf6+ Kg8 26. Nxb5 Nxd3 27. Nxc7
Qa7 28. Rf1 Bxe4 29. Nb5 Qd7 30. Nxd6 Bg6 31. Bg4 Qc6 32. h4 h5 33. Be6 Kh7 34.
Nf5 Rg8 35. Qg5 Bxf5 36. Bxf5+ Kh8 37. Qxh5+ Kg7 38. Bxd3 Kf8 39. f3 Qb6+ 40.
Rf2 Qe3 41. Bf1 1-0

[Event "Lichtenrader Herbst 2019"]
[Site "Berlin"]
[Date "2019.10.13"]
[Round "2.15"]
[White "Verbitsky, Jaroslaw"]
[Black "nn"]
[Result "1/2-1/2"]
[WhiteElo "1853"]
[BlackElo "2124"]
[PlyCount "104"]
[EventDate "2019.??.??"]

1. e4 e6 2. d4 d5 3. Nd2 Nf6 4. e5 Nfd7 5. Bd3 c5 6. c3 Nc6 7. Ne2 cxd4 8. cxd4
Qb6 9. Nf3 Bb4+ 10. Bd2 Bxd2+ 11. Qxd2 Qb4 12. a3 Qxd2+ 13. Nxd2 O-O 14. O-O a6
15. Rac1 f6 16. f4 Nb6 17. b4 Bd7 18. Nb3 Na4 19. Nc5 Nxc5 20. bxc5 Ne7 21. Rb1
Bc6 22. g3 h6 23. Nc3 Rf7 24. Rfe1 f5 25. h4 g5 26. hxg5 hxg5 27. Kf2 g4 28.
Rh1 Rh7 29. Rxh7 Kxh7 30. a4 Kg7 31. a5 Rh8 32. Kg2 Rc8 33. Bc2 Rc7 34. Rb4 Kf7
35. Ba4 Bxa4 36. Rxa4 Nc6 37. Ne2 Ke8 38. Kf2 Rh7 39. Kg2 Kd8 40. Nc3 Kc7 41.
Kg1 Rh8 42. Kg2 Rh3 43. Ne2 Na7 44. Rb4 Nb5 45. Rb3 Rh6 46. Kg1 Rh7 47. Kg2 Re7
48. Kf2 Na7 49. Rb4 Re8 50. Kf1 Nb5 51. Rb3 Rc8 52. Kf2 Rh8 1/2-1/2

[Event "Lichtenrader Herbst 2019"]
[Site "Berlin"]
[Date "2019.10.13"]
[Round "2.16"]
[White "Kostanyan, Hakob"]
[Black "Federau, Juergen"]
[Result "1/2-1/2"]
[WhiteElo "1887"]
[BlackElo "2083"]
[PlyCount "54"]
[EventDate "2019.??.??"]

1. e4 c5 2. Nc3 Nc6 3. g3 g6 4. Bg2 Bg7 5. Nge2 e6 6. d3 Nge7 7. Be3 Nd4 8. Qd2
d6 9. Bxd4 cxd4 10. Nb5 Nc6 11. c3 dxc3 12. bxc3 O-O 13. O-O a6 14. Nbd4 Nxd4
15. cxd4 b5 16. a4 Rb8 17. Rab1 Qb6 18. Qb4 Rd8 19. Rfc1 Bf8 20. d5 e5 21. Rc6
Qb7 22. Qa5 Re8 23. Rbc1 bxa4 24. Nc3 Qb4 25. Qxa4 Qxa4 26. Nxa4 Bd7 27. Rxa6
Bb5 1/2-1/2

[Event "Lichtenrader Herbst 2019"]
[Site "Berlin"]
[Date "2019.10.13"]
[Round "2.17"]
[White "Rettore, Ludwig"]
[Black "Grillich, Alexander"]
[Result "1/2-1/2"]
[WhiteElo "2068"]
[BlackElo "1924"]
[PlyCount "94"]
[EventDate "2019.??.??"]

1. e4 c5 2. Nf3 d6 3. d4 cxd4 4. Nxd4 Nf6 5. Nc3 a6 6. Be2 e5 7. Nb3 Be7 8. O-O
O-O 9. Be3 Be6 10. Qd2 Qc7 11. a4 Nbd7 12. a5 Bc4 13. Rfd1 Rac8 14. Bf3 Bxb3
15. cxb3 Nc5 16. Qc2 Qc6 17. b4 Ne6 18. Qd2 Qc4 19. Ra4 Qc6 20. Raa1 Qc4 21.
Nd5 Nxd5 22. exd5 Nd4 23. Bxd4 Qxd4 24. Qxd4 exd4 25. Rxd4 Rc2 26. Rad1 Bf6 27.
Re4 Rxb2 28. g3 Bc3 29. Re7 Rxb4 30. Rc1 Bd4 31. Rcc7 b6 32. axb6 Rxb6 33. Bg4
f5 34. Be2 a5 35. Rc6 a4 36. Rc4 Bf6 37. Ra7 Rb2 38. Bf1 Ra2 39. Raxa4 Rxa4 40.
Rxa4 Rd8 41. Bh3 g6 42. g4 fxg4 43. Bxg4 Kg7 44. Ra7+ Kh6 45. Rf7 Bg7 46. Be6
Rf8 47. Rxf8 Bxf8 1/2-1/2

[Event "Lichtenrader Herbst 2019"]
[Site "Berlin"]
[Date "2019.10.13"]
[Round "2.18"]
[White "Pixa, Richard"]
[Black "Casado Perez, Miguel"]
[Result "1-0"]
[WhiteElo "2075"]
[BlackElo "1898"]
[PlyCount "69"]
[EventDate "2019.??.??"]

1. e4 e6 2. d4 d5 3. Nd2 Nf6 4. e5 Nfd7 5. Bd3 c5 6. c3 Nc6 7. Ne2 cxd4 8. cxd4
f6 9. exf6 Nxf6 10. Nf3 Bd6 11. O-O O-O 12. Bf4 Bxf4 13. Nxf4 Qd6 14. Ne2 Bd7
15. Ng3 g6 16. a3 Ne7 17. Re1 Rae8 18. Qb3 Bc6 19. Re2 Nf5 20. Rae1 b6 21. Qc2
Bd7 22. Qd2 Kg7 23. Qg5 h6 24. Qd2 Ng8 25. Nf1 h5 26. Ng3 Nge7 27. Qg5 Nxg3 28.
hxg3 Rf6 29. g4 hxg4 30. Ne5 g3 31. Qxg3 Ref8 32. Qg5 Be8 33. Ng4 Rf5 34. Bxf5
Rxf5 35. Qh6+ 1-0

[Event "Lichtenrader Herbst 2019"]
[Site "Berlin"]
[Date "2019.10.13"]
[Round "2.19"]
[White "Grassi, Fabrizio"]
[Black "Dathe, Frederick"]
[Result "1-0"]
[WhiteElo "1863"]
[BlackElo "2084"]
[PlyCount "73"]
[EventDate "2019.??.??"]

1. d4 Nf6 2. Bf4 g6 3. e3 Bg7 4. Nf3 d6 5. Be2 O-O 6. O-O b6 7. c3 Bb7 8. a4 a6
9. h3 Nbd7 10. Nbd2 Re8 11. Bh2 e5 12. b4 Qe7 13. Qb3 e4 14. Ne1 Nf8 15. Nc2 h5
16. c4 N8h7 17. a5 h4 18. axb6 cxb6 19. c5 dxc5 20. bxc5 bxc5 21. Rfb1 Bd5 22.
Bc4 Bxc4 23. Nxc4 cxd4 24. Nxd4 Nd7 25. Ra5 Rec8 26. Qb7 Bxd4 27. exd4 Qd8 28.
Rxa6 Rab8 29. Bxb8 Rxb8 30. Qxb8 Nxb8 31. Ra8 Qxd4 32. Rbxb8+ Kg7 33. Rg8+ Kh6
34. Ne3 Nf6 35. Rh8+ Kg7 36. Rxh4 Nh5 37. Rxh5 1-0

[Event "Lichtenrader Herbst 2019"]
[Site "Berlin"]
[Date "2019.10.13"]
[Round "2.20"]
[White "Hommel, Niclas"]
[Black "Dziallas, Michael"]
[Result "1-0"]
[WhiteElo "2065"]
[BlackElo "1853"]
[PlyCount "87"]
[EventDate "2019.??.??"]

1. e4 c5 2. Nf3 Nc6 3. d4 cxd4 4. Nxd4 e5 5. Nb5 a6 6. Nd6+ Bxd6 7. Qxd6 Qf6 8.
Qd1 Qg6 9. Nc3 Nge7 10. h4 h5 11. Bg5 f6 12. Be3 d5 13. Nxd5 Nxd5 14. Qxd5 Qg4
15. Bc4 Qd7 16. O-O-O Qxd5 17. exd5 Ne7 18. Rhe1 Bf5 19. Bb6 Rc8 20. Bb3 Ng6
21. g3 Kd7 22. c4 e4 23. Ba4+ Kd6 24. c5+ Rxc5+ 25. Bxc5+ Kxc5 26. Bc2 Bg4 27.
b4+ Kd6 28. Rd4 f5 29. f4 Rc8 30. Kd2 Ne7 31. Bb3 b5 32. Re3 Bf3 33. Rc3 Rxc3
34. Kxc3 e3 35. Kd3 e2 36. Kd2 g6 37. Rd3 Be4 38. Re3 Nc8 39. Kxe2 Nb6 40. a3
Bxd5 41. Bxd5 Nxd5 42. Re8 Nc3+ 43. Kd3 Nb1 44. Ra8 1-0

[Event "Lichtenrader Herbst 2019"]
[Site "Berlin"]
[Date "2019.10.13"]
[Round "2.21"]
[White "Rouditser, Benjamin"]
[Black "Gebigke, Martin"]
[Result "0-1"]
[WhiteElo "1853"]
[BlackElo "2068"]
[PlyCount "46"]
[EventDate "2019.??.??"]

1. d4 Nf6 2. c4 e6 3. Nc3 Bb4 4. e3 O-O 5. Nge2 c6 6. a3 Ba5 7. Ng3 d5 8. Qc2
Nbd7 9. cxd5 exd5 10. b4 Bc7 11. Bd3 Re8 12. O-O Nf8 13. Bb2 Ng4 14. Bf5 Bxf5
15. Qxf5 Qh4 16. h3 Nxe3 17. fxe3 Qxg3 18. Qxf7+ Kh8 19. Rf3 Qh2+ 20. Kf1 Ng6
21. Nd1 Rf8 22. Qd7 Rxf3+ 23. gxf3 Bg3 0-1

[Event "Lichtenrader Herbst 2019"]
[Site "Berlin"]
[Date "2019.10.13"]
[Round "2.22"]
[White "Miettinen, Teemu"]
[Black "Ziese, Gerhard"]
[Result "1/2-1/2"]
[WhiteElo "2032"]
[BlackElo "1895"]
[PlyCount "115"]
[EventDate "2019.??.??"]

1. e4 e5 2. Nf3 Nc6 3. d4 exd4 4. Nxd4 Nf6 5. Nxc6 bxc6 6. e5 Qe7 7. Qe2 Nd5 8.
h4 d6 9. c4 Nb6 10. exd6 Qxe2+ 11. Bxe2 Bxd6 12. Nc3 Be6 13. b3 O-O-O 14. Be3
Bb4 15. Rc1 Ba3 16. Rd1 Bb4 17. Rxd8+ Rxd8 18. Bd2 a5 19. Ne4 Bxd2+ 20. Nxd2
Bf5 21. g4 Bc2 22. Rh3 h6 23. Re3 a4 24. Nf3 f6 25. g5 hxg5 26. hxg5 c5 27.
gxf6 gxf6 28. Nd2 axb3 29. axb3 Nd7 30. f4 Rg8 31. Kf2 Kd8 32. Bf3 Bf5 33. Bd5
Rh8 34. Nf3 Nb6 35. Be6 Bxe6 36. Rxe6 Nd7 37. Kg2 Rg8+ 38. Kf2 Rg4 39. f5 Rg7
40. Ke3 Rg4 41. Re4 Rxe4+ 42. Kxe4 c6 43. Kf4 Ke7 44. Nd2 Kd6 45. Ne4+ Kc7 46.
Ke3 Kb6 47. Kd2 Kc7 48. Kc3 Kb6 49. Kb2 Ka5 50. Ka3 Ka6 51. b4 cxb4+ 52. Kxb4
Kb6 53. c5+ Kc7 54. Ka5 Nxc5 55. Nxc5 Kd6 56. Kb4 Ke5 57. Nd7+ Kxf5 58. Nxf6
1/2-1/2

[Event "Lichtenrader Herbst 2019"]
[Site "Berlin"]
[Date "2019.10.13"]
[Round "2.23"]
[White "Matthes, Benjamin"]
[Black "Noeldner, Julian"]
[Result "0-1"]
[WhiteElo "1835"]
[BlackElo "2051"]
[PlyCount "66"]
[EventDate "2019.??.??"]

1. e4 e5 2. Nf3 Nc6 3. d4 exd4 4. Nxd4 Nf6 5. Nxc6 bxc6 6. Bd3 d5 7. e5 Ng4 8.
O-O Bc5 9. Qf3 O-O 10. h3 Nxe5 11. Bxh7+ Kxh7 12. Qh5+ Kg8 13. Qxe5 Re8 14. Qc3
Qe7 15. Bf4 Ba6 16. Rc1 Bb6 17. Qg3 Qf6 18. Nc3 Rab8 19. Re1 Ba5 20. Bxc7 Rxe1+
21. Rxe1 Bxc7 22. Qxc7 Rxb2 23. Re8+ Kh7 24. Re3 Rxc2 25. Rf3 Qg6 26. Qd8 f6
27. Qa5 Qe8 28. Rg3 Qe1+ 29. Kh2 Rc1 30. Rf3 Qg1+ 31. Kg3 Bf1 32. Qa3 Qxg2+ 33.
Kh4 Qg5# 0-1

[Event "Lichtenrader Herbst 2019"]
[Site "Berlin"]
[Date "2019.10.13"]
[Round "2.24"]
[White "Heuer, Thomas"]
[Black "Kievelitz, Bernd"]
[Result "1/2-1/2"]
[WhiteElo "2068"]
[BlackElo "1744"]
[PlyCount "37"]
[EventDate "2019.??.??"]

1. d4 Nf6 2. Nf3 b6 3. g3 Bb7 4. Bg2 g6 5. O-O Bg7 6. c4 O-O 7. Nc3 d6 8. h3
Nbd7 9. Bg5 Ne4 10. Nxe4 Bxe4 11. Qd2 Nf6 12. Qf4 Bxf3 13. Bxf3 Rb8 14. a4 c5
15. Kg2 cxd4 16. Qxd4 h6 17. Be3 e5 18. Qd3 Qe7 19. Bd5 1/2-1/2

[Event "Lichtenrader Herbst 2019"]
[Site "Berlin"]
[Date "2019.10.13"]
[Round "2.25"]
[White "Jaeger, Andre"]
[Black "Roehr, Oliver"]
[Result "1-0"]
[WhiteElo "1865"]
[BlackElo "1987"]
[PlyCount "51"]
[EventDate "2019.??.??"]

1. d4 Nf6 2. c4 e5 3. dxe5 Ng4 4. Nf3 Bc5 5. e3 Nc6 6. a3 a5 7. Qd5 Qe7 8. Nc3
Ngxe5 9. Nxe5 Nxe5 10. Ne4 Ba7 11. Qxa5 Nxc4 12. Qxc7 Qxe4 13. Qxc4 Qg6 14. Bd2
O-O 15. Qd5 d6 16. Bd3 Be6 17. Qe4 f5 18. Qf3 d5 19. O-O Rad8 20. Ba5 b6 21.
Bb4 Rf7 22. Rac1 Bc8 23. Qxd5 Qg5 24. Rxc8 Rxc8 25. Bc4 Rxc4 26. Qa8+ 1-0

[Event "Lichtenrader Herbst 2019"]
[Site "Berlin"]
[Date "2019.10.13"]
[Round "2.26"]
[White "Schmalzried, Volker"]
[Black "Bolk, Matthias"]
[Result "0-1"]
[WhiteElo "1808"]
[BlackElo "2087"]
[PlyCount "64"]
[EventDate "2019.??.??"]

1. c4 g6 2. Nc3 Bg7 3. Nf3 d6 4. d4 e5 5. dxe5 dxe5 6. Qxd8+ Kxd8 7. e4 Nc6 8.
Ng5 Nh6 9. Be3 Nd4 10. O-O-O Bd7 11. Nb5 Bxb5 12. cxb5 Ke7 13. Bxd4 exd4 14. h3
c5 15. bxc6 bxc6 16. f4 f6 17. Nf3 c5 18. b3 Nf7 19. Bc4 Nd6 20. Bd5 Rab8 21.
a4 f5 22. Nd2 fxe4 23. Bxe4 Kd7 24. Bd3 Rhe8 25. Rhe1 Re3 26. Bb5+ Nxb5 27.
axb5 Rc3+ 28. Kb2 Rxb5 29. Ra1 a5 30. Ra3 d3 31. Kb1 Rc2 32. Nc4 Rxc4 0-1

[Event "Lichtenrader Herbst 2019"]
[Site "Berlin"]
[Date "2019.10.13"]
[Round "2.27"]
[White "Petersen, Marcel"]
[Black "Tham, Minh"]
[Result "1-0"]
[WhiteElo "1818"]
[BlackElo "1856"]
[PlyCount "51"]
[EventDate "2019.??.??"]

1. e4 e5 2. Bc4 Nc6 3. Nc3 Nf6 4. d3 Bc5 5. Bg5 Na5 6. Nd5 Nxc4 7. Bxf6 gxf6 8.
dxc4 c6 9. Ne3 d6 10. Qd3 Be6 11. O-O-O Qd7 12. Ne2 O-O-O 13. Ng3 Rhg8 14. Rhg1
Kb8 15. a3 Bxe3+ 16. fxe3 d5 17. cxd5 cxd5 18. exd5 Qxd5 19. Qxd5 Bxd5 20. Nh5
Kc8 21. Nxf6 Rxg2 22. Nxd5 Rxg1 23. Ne7+ Kc7 24. Rxg1 Kd6 25. Nf5+ Ke6 26. e4
1-0

[Event "Lichtenrader Herbst 2019"]
[Site "Berlin"]
[Date "2019.10.13"]
[Round "2.28"]
[White "Schnabel, Luise"]
[Black "Fuchs, Dominik"]
[Result "0-1"]
[WhiteElo "1900"]
[BlackElo "1939"]
[PlyCount "90"]
[EventDate "2019.??.??"]

1. e4 e5 2. Nf3 Nc6 3. Bb5 a6 4. Bxc6 dxc6 5. O-O Bg4 6. h3 h5 7. d3 Qf6 8.
Nbd2 g5 9. Nc4 Bxf3 10. Qxf3 Qxf3 11. gxf3 f6 12. h4 gxh4 13. f4 b5 14. Na5
exf4 15. Bxf4 Kd7 16. Kh2 Bh6 17. Bxh6 Nxh6 18. Kh3 Rag8 19. Rg1 Rg4 20. f3 Rg5
21. Kxh4 Rhg8 22. Rxg5 Rxg5 23. f4 Rg2 24. Kxh5 Nf7 25. Rc1 Nd8 26. f5 c5 27.
Kh4 Nf7 28. Kh3 Rg8 29. Nb3 Kd6 30. Nd2 Ke5 31. Rf1 c4 32. dxc4 bxc4 33. Re1
Kf4 34. Rf1+ Ke3 35. Nxc4+ Kxe4 36. a3 Nh6 37. Re1+ Kf3 38. Rf1+ Ke2 39. Rf4
Rg5 40. Re4+ Kf3 41. Nd2+ Kf2 42. Rh4 Rg3+ 43. Kh2 Ng4+ 44. Rxg4 Rxg4 45. Kh3
Rf4 0-1

[Event "Lichtenrader Herbst 2019"]
[Site "Berlin"]
[Date "2019.10.13"]
[Round "2.29"]
[White "Barbier, Astrid"]
[Black "Schulz, Stefan"]
[Result "1-0"]
[WhiteElo "1974"]
[BlackElo "1876"]
[PlyCount "53"]
[EventDate "2019.??.??"]

1. e4 c5 2. Nc3 Nc6 3. Bb5 Nd4 4. Bc4 e6 5. Nf3 g6 6. O-O Bg7 7. d3 Ne7 8. Nxd4
cxd4 9. Ne2 O-O 10. f4 d5 11. Bb3 dxe4 12. dxe4 b5 13. Ng3 Qb6 14. Kh1 Bb7 15.
Bd2 a5 16. a3 Rfd8 17. f5 exf5 18. Bg5 Bf6 19. Bxf6 Qxf6 20. exf5 Nxf5 21. Qg4
Bc8 22. Ne4 Qe7 23. Ng5 Nd6 24. Qh4 h5 25. Rae1 Qc7 26. Nxf7 Nxf7 27. Rxf7 1-0

[Event "Lichtenrader Herbst 2019"]
[Site "Berlin"]
[Date "2019.10.13"]
[Round "2.30"]
[White "Hofmeister, Frank"]
[Black "Arndt, Uwe"]
[Result "1-0"]
[WhiteElo "1827"]
[BlackElo "1942"]
[PlyCount "77"]
[EventDate "2019.??.??"]

1. e4 c6 2. d4 d5 3. e5 c5 4. dxc5 Nc6 5. Bb5 e6 6. Be3 Nge7 7. c3 Bd7 8. Bxc6
Nxc6 9. f4 Be7 10. Nf3 O-O 11. O-O Qc7 12. b4 f6 13. Bd4 a5 14. Qd2 axb4 15.
cxb4 Ra4 16. a3 Rfa8 17. Nc3 Nxd4 18. Nxd4 R4a6 19. Ncb5 Qb8 20. Qe2 Be8 21.
Rfc1 Bg6 22. Rc3 Qc8 23. Rac1 fxe5 24. fxe5 Bg5 25. Rf1 Qd7 26. Qg4 Be7 27.
Rcf3 Rf8 28. Nd6 Rxf3 29. Rxf3 Bxd6 30. cxd6 Bf7 31. Rc3 h5 32. Qh4 Qa4 33. h3
Qd1+ 34. Kh2 Qd2 35. Rc8+ Kh7 36. d7 Rxa3 37. d8=Q Ra2 38. Qh8+ Kg6 39. Q8xh5#
1-0

[Event "Lichtenrader Herbst 2019"]
[Site "Berlin"]
[Date "2019.10.14"]
[Round "3.7"]
[White "Bolk, Matthias"]
[Black "Schnabel, Ralf"]
[Result "1/2-1/2"]
[WhiteElo "2087"]
[BlackElo "2235"]
[PlyCount "24"]
[EventDate "2019.??.??"]

1. b4 c6 2. c4 d5 3. cxd5 cxd5 4. Bb2 Nf6 5. e3 e6 6. b5 Be7 7. Nf3 O-O 8. Be2
Nbd7 9. O-O Ne4 10. d3 Nd6 11. a4 Nc5 12. Nbd2 Bd7 1/2-1/2

[Event "Lichtenrader Herbst 2019"]
[Site "Berlin"]
[Date "2019.10.14"]
[Round "3.9"]
[White "Fuchs, Dominik"]
[Black "Holinka, Henning"]
[Result "0-1"]
[WhiteElo "1939"]
[BlackElo "2101"]
[PlyCount "106"]
[EventDate "2019.??.??"]

1. e4 g6 2. d4 Bg7 3. Nf3 d6 4. Be2 Nd7 5. O-O e5 6. Nc3 Ne7 7. dxe5 dxe5 8.
Bc4 h6 9. Be3 O-O 10. Bb3 Kh7 11. Nd2 Nc6 12. Nd5 Nd4 13. Bc4 c6 14. Nb4 a5 15.
c3 axb4 16. cxd4 exd4 17. Bf4 Nc5 18. Rc1 Be6 19. e5 Bxc4 20. Nxc4 Ne6 21. Bg3
c5 22. Qb3 b5 23. Nd6 Qd7 24. Qd5 c4 25. Qxb5 Qxb5 26. Nxb5 c3 27. bxc3 bxc3
28. Rfd1 Rfd8 29. Rc2 Ra5 30. Nd6 Rda8 31. Ra1 Rc5 32. Ne4 Rc4 33. Nd6 Rc7 34.
Rd1 Bf8 35. Ne4 Ba3 36. f3 Bb2 37. Bf2 Rd8 38. Nd6 Rcd7 39. Rd3 Ba3 40. Nb5 Bc5
41. g3 Rb7 42. Nxc3 dxc3 43. Rdxc3 Rd1+ 44. Kg2 Bxf2 45. Kxf2 Nd4 46. Rc1 Rb2+
47. Ke3 Re2+ 48. Kf4 Ne6+ 49. Kg4 Rxh2 50. f4 h5+ 51. Kf3 Nd4+ 52. Ke4 Re2+ 53.
Kd5 Nb5+ 0-1

[Event "Lichtenrader Herbst 2019"]
[Site "Berlin"]
[Date "2019.10.14"]
[Round "3.10"]
[White "Wierzbicki, Jirawat"]
[Black "Grassi, Fabrizio"]
[Result "1-0"]
[WhiteElo "2114"]
[BlackElo "1863"]
[PlyCount "103"]
[EventDate "2019.??.??"]

1. e4 d5 2. exd5 Nf6 3. d4 Nxd5 4. c4 Nb6 5. Nf3 Bg4 6. c5 N6d7 7. Be2 e6 8.
Qb3 Qc8 9. O-O Nc6 10. Be3 Be7 11. Nbd2 O-O 12. Bb5 Ncb8 13. Bf4 Rd8 14. Rfe1
Bf5 15. h3 a6 16. Bc4 Nc6 17. g4 Na5 18. Qc3 Nxc4 19. Qxc4 Bg6 20. c6 Nf6 21.
cxb7 Qxb7 22. Qxc7 Rd7 23. Qxb7 Rxb7 24. Nc4 Nd5 25. Bd2 Nb4 26. Bxb4 Rxb4 27.
Nfe5 Bf6 28. b3 a5 29. Rac1 Bxe5 30. Rxe5 a4 31. bxa4 h6 32. a5 Bd3 33. Rc5
Rxc4 34. R1xc4 Bxc4 35. Rxc4 Rxa5 36. a4 Kf8 37. Kf1 Ke7 38. Ke2 Kd6 39. Kd3 f6
40. f3 h5 41. Kc3 hxg4 42. hxg4 g5 43. Kb4 Ra8 44. Rc5 Rb8+ 45. Rb5 Ra8 46. a5
Kc6 47. Rb6+ Kd7 48. Kb5 f5 49. a6 fxg4 50. fxg4 Rd8 51. a7 Ra8 52. Ra6 1-0

[Event "Lichtenrader Herbst 2019"]
[Site "Berlin"]
[Date "2019.10.14"]
[Round "3.11"]
[White "Jaeger, Andre"]
[Black "Tschernatsch, Johannes"]
[Result "0-1"]
[WhiteElo "1865"]
[BlackElo "2132"]
[PlyCount "154"]
[EventDate "2019.??.??"]

1. d4 Nf6 2. c4 g6 3. g3 Bg7 4. Bg2 O-O 5. Nc3 d6 6. Nf3 Nbd7 7. O-O e5 8. e4
c6 9. h3 Qb6 10. Re1 exd4 11. Nxd4 Ng4 12. Nce2 Nge5 13. b3 Nc5 14. Be3 a5 15.
Rb1 Qc7 16. a3 Re8 17. Qc2 Ne6 18. f4 Nd7 19. Nxe6 fxe6 20. Bd4 e5 21. Be3 Nf6
22. Nc3 Be6 23. Na4 Bh6 24. f5 Bxe3+ 25. Rxe3 gxf5 26. exf5 Bd7 27. g4 Kh8 28.
Rd1 Rad8 29. Red3 Bc8 30. Qd2 e4 31. Re3 d5 32. cxd5 Rxd5 33. Qe1 Qd6 34. Nc3
Rxd1 35. Qxd1 Qc5 36. Kf2 Nd5 37. Nxd5 cxd5 38. Qa1+ Kg8 39. Qf6 Qe7 40. Qxe7
Rxe7 41. Rc3 Bd7 42. Ke3 Bc6 43. Bf1 Kf7 44. Kd4 Kf6 45. b4 axb4 46. axb4 Kg5
47. b5 Be8 48. Kxd5 e3 49. Be2 Kf4 50. Rc4+ Kg3 51. Re4 Rxe4 52. Kxe4 Kf2 53.
Bd3 e2 54. Bxe2 Kxe2 55. f6 Kf2 56. Kf4 Kg2 57. h4 Kh3 58. Kg5 b6 59. h5 Kg3
60. Kf5 Bd7+ 61. Ke5 Be8 62. Kf5 Bf7 63. Kg5 Be6 64. Kh6 Kxg4 65. Kxh7 Kxh5 66.
Kg7 Kg5 67. f7 Bxf7 68. Kxf7 Kf5 69. Kg7 Ke5 70. Kg6 Kd5 71. Kf5 Kc5 72. Ke4
Kxb5 73. Kd3 Ka4 74. Kc2 b5 75. Kb2 Kb4 76. Kc2 Ka3 77. Kb1 b4 0-1

[Event "Lichtenrader Herbst 2019"]
[Site "Berlin"]
[Date "2019.10.14"]
[Round "3.13"]
[White "Grillich, Alexander"]
[Black "Budt, Matthias"]
[Result "0-1"]
[WhiteElo "1924"]
[BlackElo "2188"]
[PlyCount "82"]
[EventDate "2019.??.??"]

1. e4 c6 2. d3 d5 3. Nd2 e5 4. Ngf3 Bd6 5. g3 Nd7 6. Bg2 Ne7 7. a4 a5 8. O-O
O-O 9. Re1 Qc7 10. c3 f5 11. exf5 Nxf5 12. c4 Kh8 13. cxd5 cxd5 14. Nf1 Nf6 15.
Ne3 Ne7 16. Bd2 Qb6 17. Bc3 Nc6 18. d4 e4 19. Ne5 Be6 20. g4 Rad8 21. g5 Nd7
22. N3g4 Ndxe5 23. Nxe5 Bxe5 24. dxe5 Qxf2+ 25. Kh1 d4 26. Rf1 Qh4 27. Rxf8+
Rxf8 28. Qe1 Qxg5 29. Bxa5 Qxe5 30. Bb4 Rf4 31. Rc1 h6 32. Rc5 Bd5 33. Bd2 Rg4
34. Qf1 Rh4 35. Qf8+ Kh7 36. h3 Qe6 37. Be1 Rh5 38. Bg3 e3 39. Kh2 Rf5 40. Qa8
Bxg2 41. Rxf5 Qxf5 0-1

[Event "Lichtenrader Herbst 2019"]
[Site "Berlin"]
[Date "2019.10.14"]
[Round "3.14"]
[White "Roehr, Tobias"]
[Black "Bornschein, Burkhard"]
[Result "1-0"]
[WhiteElo "2123"]
[BlackElo "1989"]
[PlyCount "83"]
[EventDate "2019.??.??"]

1. d4 d5 2. c4 e6 3. Nc3 Nf6 4. cxd5 exd5 5. Bg5 Be7 6. e3 O-O 7. Bd3 c6 8. Qc2
Nbd7 9. Nge2 Re8 10. O-O-O Nf8 11. h3 b5 12. g4 Bd7 13. Ng3 h6 14. Bf4 Ne6 15.
Be5 b4 16. Na4 c5 17. Nxc5 Bxc5 18. dxc5 Nxc5 19. Bd4 Ne6 20. Kb1 Nxd4 21. exd4
Qb6 22. Qd2 Ne4 23. Bxe4 dxe4 24. Qf4 g5 25. Qe3 Qg6 26. Ka1 a5 27. Rc1 f5 28.
gxf5 Bxf5 29. Rc5 Bd7 30. h4 g4 31. h5 Qh7 32. Re1 Ra6 33. Re5 Rf8 34. Nxe4 Rc6
35. Nc5 Rcf6 36. Re7 Qc2 37. Nxd7 Rxf2 38. Qe6+ R8f7 39. Qxg4+ Kh7 40. Nf8+ Kh8
41. Ng6+ Kh7 42. Rxf7+ 1-0

[Event "Lichtenrader Herbst 2019"]
[Site "Berlin"]
[Date "2019.10.14"]
[Round "3.15"]
[White "Alten, Silvio"]
[Black "Krefenstein, Sergej"]
[Result "0-1"]
[WhiteElo "1893"]
[BlackElo "2139"]
[PlyCount "118"]
[EventDate "2019.??.??"]

1. e4 c6 2. d4 d5 3. Nd2 dxe4 4. Nxe4 Bf5 5. Nc5 Nd7 6. Bd3 Bxd3 7. Nxd3 Ngf6
8. Nf3 e6 9. O-O Be7 10. Qe2 O-O 11. Re1 Re8 12. a4 c5 13. c3 Rc8 14. h3 Bf8
15. Bg5 h6 16. Bh4 Qc7 17. Bg3 Bd6 18. Bxd6 Qxd6 19. Nde5 cxd4 20. Rad1 Nxe5
21. Nxe5 Qc7 22. Rxd4 Red8 23. Red1 Rd5 24. Rxd5 Nxd5 25. c4 Nf6 26. b4 Rd8 27.
Rxd8+ Qxd8 28. Qd3 Qb6 29. Qd2 Ne4 30. Qe1 Qd4 31. Nf3 Qxc4 32. a5 a6 33. Ne5
Qd5 34. Ng4 Qd4 35. Ne3 f5 36. Nc2 Qd3 37. Ne3 Kf7 38. Qd1 Qxd1+ 39. Nxd1 Ke7
40. f3 Nf6 41. Nb2 Nd5 42. Nd3 Kd6 43. g3 Kc6 44. f4 Kb5 45. Nc5 Kxb4 46. Nxb7
Ne7 47. Nd8 Kxa5 48. Nxe6 Kb4 49. Kf2 g6 50. Ke2 Kc4 51. Kd2 a5 52. Kc2 Kd5 53.
Nc7+ Ke4 54. Ne6 Kf3 55. g4 fxg4 56. hxg4 Kxg4 57. Kb3 h5 58. Ka4 h4 59. Ng5
Kxf4 0-1

[Event "Lichtenrader Herbst 2019"]
[Site "Berlin"]
[Date "2019.10.14"]
[Round "3.16"]
[White "nn"]
[Black "Tomic, Stjepan"]
[Result "1-0"]
[WhiteElo "2124"]
[BlackElo "1901"]
[PlyCount "99"]
[EventDate "2019.??.??"]

1. c4 Nf6 2. Nc3 e6 3. Nf3 d5 4. d4 c6 5. e3 Nbd7 6. Bd3 dxc4 7. Bxc4 b5 8. Bd3
a6 9. Qe2 c5 10. Bc2 Bb7 11. O-O c4 12. e4 Be7 13. a3 Rc8 14. e5 Nd5 15. Ne4 h6
16. Bd2 Qb6 17. a4 b4 18. a5 Qd8 19. Ba4 Bc6 20. Rfc1 Bb5 21. Bxb5 axb5 22. Qe1
Qc7 23. h3 Ra8 24. Nh2 Nb8 25. b3 c3 26. Be3 Rxa5 27. Rxa5 Qxa5 28. Ra1 Qb6 29.
Ra2 f5 30. exf6 Bxf6 31. Nxf6+ gxf6 32. Qe2 h5 33. Qd3 Kf7 34. Nf3 h4 35. Qe4
Nc6 36. Nxh4 Nce7 37. g3 f5 38. Qd3 f4 39. Bc1 Qb8 40. Nf3 fxg3 41. Ng5+ Ke8
42. fxg3 Kd7 43. Ra6 Rg8 44. h4 Nf5 45. Kh2 Qb7 46. Nxe6 Qb8 47. Nc5+ Ke8 48.
Qe4+ Nfe7 49. Bg5 Qc8 50. Bxe7 1-0

[Event "Lichtenrader Herbst 2019"]
[Site "Berlin"]
[Date "2019.10.14"]
[Round "3.17"]
[White "Federau, Juergen"]
[Black "Verbitsky, Jaroslaw"]
[Result "1-0"]
[WhiteElo "2083"]
[BlackElo "1853"]
[PlyCount "39"]
[EventDate "2019.??.??"]

1. d4 d5 2. c4 c6 3. Nf3 Nf6 4. e3 e6 5. Nbd2 Nbd7 6. Bd3 Bd6 7. O-O O-O 8. e4
dxe4 9. Nxe4 Nxe4 10. Bxe4 Nf6 11. Bc2 c5 12. Bg5 cxd4 13. Qxd4 Be7 14. Qh4 g6
15. Rfd1 Bd7 16. Ne5 Re8 17. Ba4 Nh5 18. Bxe7 Rxe7 19. Qd4 Qc7 20. Nxd7 1-0